Normal view
MARC view
Entry Topical Term
001 - CONTROL NUMBER
- control field: 25283
003 - CONTROL NUMBER IDENTIFIER
- control field: ARRUPE
005 - DATE AND TIME OF LATEST TRANSACTION
- control field: 20160823105549.0
008 - FIXED-LENGTH DATA ELEMENTS
- fixed length control field: 160823|| aca||aabn | a|a d
040 ## - CATALOGING SOURCE
- Original cataloging agency: ARRUPE
- Transcribing agency: ARRUPE
150 ## - HEADING--TOPICAL TERM
- Topical term or geographic name as entry element: Trinity.
670 ## - SOURCE DATA FOUND
- Source citation: Work cat.: (ARRUPE)0: Smail, Thomas Allan, 1928- 25281, Like Father, like Son :, 2006.